| 000 | 01032nam a22003137a 4500 | ||
|---|---|---|---|
| 003 | CHAP | ||
| 005 | 20220329141259.0 | ||
| 008 | 971010s1982 mx r 00010 spa d | ||
| 010 | _a65682 | ||
| 011 | _a66654 | ||
| 035 | _a75214 | ||
| 040 | _cCHAP | ||
| 090 | _aTesis | ||
| 100 | 0 | 0 |
_aCampos González, Víctor Manuel. _918105 |
| 245 | 1 | 0 |
_aAborto en bovinos : _bun estudio bacteriológo y micológico en 250 fetos abortados |
| 260 |
_aMéxico, D.F. : _bEl autor, _c1982 |
||
| 300 | _a27 h. | ||
| 502 | _aTesis (Médico Veterinario Zootecnista) -- UNAM. Facultad de Medicina Veterinaria y Zootecnia | ||
| 590 |
_aALEPH _b10 _c20130110 _lUCH01 _h1357 |
||
| 590 |
_aBATCH-UPD _b10 _c20130110 _lUCH01 _h1456 |
||
| 590 |
_aBATCH-UPD _b10 _c20130410 _lUCH01 _h0920 |
||
| 590 |
_aBATCH-UPD _b10 _c20130913 _lUCH01 _h1845 |
||
| 590 |
_aCONVERSION _b10 _c20130109 _lUCH01 _h1336 |
||
| 650 | 1 | 4 |
_aAborto. _9283 |
| 650 | 1 | 4 |
_aGanado vacuno _xReproducción. _945510 |
| 901 | _aBK | ||
| 942 | _cTESIS | ||
| 949 |
_bBC _cTES _d-54333 _eTS1 _i75214 _si |
||
| 999 |
_c65682 _d65682 |
||